| 000 | 00859am a2200325a 44500 | ||
|---|---|---|---|
| 003 | AR-BaBNM | ||
| 005 | 20251128211022.0 | ||
| 008 | 020703s1994 #AR|||||||||||000 | ing|| | ||
| 020 | _a0-582-05324-2 | ||
| 040 | _cAR-BaBNM | ||
| 100 | 1 | _aHarris, Michael | |
| 245 | 1 | 0 |
_aWorld class _bteacher's book _n4 |
| 260 |
_aEdinburgh _bAddison Wesley Longman _c1994 |
||
| 300 |
_a142 p. _bil., tablas |
||
| 650 | 4 | _aENSEĆANZA DE IDIOMAS | |
| 650 | 4 | _aINGLES | |
| 650 | 4 | _aLENGUA EXTRANJERA | |
| 650 | 4 | _aLIBROS DE TEXTO | |
| 650 | 4 | _aADOLESCENTES | |
| 650 | 4 | _aJUEGOS EDUCATIVOS | |
| 650 | 4 | _aACTIVIDADES DE APRENDIZAJE | |
| 650 | 4 | _aGUIA DEL DOCENTE | |
| 653 | _aESTRATEGIAS DIDACTICAS | ||
| 653 | _aUNIDADES DIDACTICAS | ||
| 653 | _aPROYECTOS DE AULA | ||
| 700 | 1 | _aMower, David | |
| 700 | 1 | _aMcCann, Paul | |
| 942 | _cBK | ||
| 998 | _craquel | ||
| 999 |
_c17912 _d17912 |
||